| 000 | 00838nam a22002177a 4500 | ||
|---|---|---|---|
| 005 | 20100817121753.0 | ||
| 010 | _aENG-100683 | ||
| 020 |
_a9788179860663 _c200.00 |
||
| 020 |
_a8179860663 _c200.00 |
||
| 035 | _aEN-84216 | ||
| 037 | _bDBAD/PUB | ||
| 082 | _a294.3423 | ||
| 100 |
_aNayak, G.C. _914459 |
||
| 245 |
_aNirvana in candrakirti 's prasannapada : _ba study in the madhyamika concept of Indian thought / _cby D.C.Nayak |
||
| 260 |
_aShimla _bIndaian Institute Of Advanced Study _c2006 |
||
| 270 |
_aRashtrapati Nivas _bShimla _e171005 |
||
| 300 |
_a107p. _c22cm (Hb) |
||
| 500 | _aIncludes bibliographical references and index | ||
| 942 |
_2ddc _cEN _h294.3423 _mNAY |
||
| 999 |
_c42280 _d42280 |
||